Entry Topical Term
Number of records used in: 1
001 - CONTROL NUMBER
003 - CONTROL NUMBER IDENTIFIER
005 - DATE AND TIME OF LATEST TRANSACTION
- control field:
20230331151834.0
008 - FIXED-LENGTH DATA ELEMENTS
- fixed length control field:
230331|| aca||aabn | a|a d
040 ## - CATALOGING SOURCE
- Original cataloging agency:
JRU
- Transcribing agency:
JRU
150 ## - HEADING--TOPICAL TERM
- Topical term or geographic name as entry element:
PHARMACY
- General subdivision:
B. PHARMA
670 ## - SOURCE DATA FOUND
- Source citation:
Work cat.: (JRU)8259: BRENNER, DON J.,KRIEG, NDEL R. , AND STALEY, JAMES T. 7577, BERGEY'S MANUAL OF SYSTEMATIC BACTERIOLOGY VOL-2 THE PROTEOBACTERIA PART-B THE GAMMAPROTEOBACTERIA